Accounting Standards Board papers. (Record no. 101289)

MARC details
000 -LEADER
fixed length control field 00553cam a2200169 4500
001 - CONTROL NUMBER
control field J111810
008 - FIXED-LENGTH DATA ELEMENTS--GENERAL INFORMATION
fixed length control field 000000n 000 0 eng u
035 ## - SYSTEM CONTROL NUMBER
System control number (Sirsi) u111810
110 ## - MAIN ENTRY--CORPORATE NAME
Corporate name or jurisdiction name as entry element Accounting Standards Board
9 (RLIN) 3454
245 ## - TITLE STATEMENT
Title Accounting Standards Board papers.
260 ## - PUBLICATION, DISTRIBUTION, ETC.
Place of publication, distribution, etc. Milton Keynes
Name of publisher, distributor, etc. Accountancy Books
300 ## - PHYSICAL DESCRIPTION
Extent multiple parts
520 ## - SUMMARY, ETC.
Summary, etc. Each paper catalogued separately.
650 ## - SUBJECT ADDED ENTRY--TOPICAL TERM
Topical term or geographic name entry element MANAGEMENT-BUSINESS MANAGEMENT-FINANCIAL MANAGEMENT-ACCOUNTING
690 ## - LOCAL SUBJECT ADDED ENTRY--TOPICAL TERM (OCLC, RLIN)
Topical term or geographic name as entry element MANAGEMENT-BUSINESS MANAGEMENT-FINANCIAL MANAGEMENT
942 ## - ADDED ENTRY ELEMENTS (KOHA)
Suppress in OPAC 0
Holdings
Withdrawn status Lost status Source of classification or shelving scheme Damaged status Not for loan Home library Current library Shelving location Date acquired Total Checkouts Full call number Barcode Date last seen Copy number Price effective from Koha item type Cost, normal purchase price Cost, replacement price
    Dewey Decimal Classification     London London Books 04/04/2001   658 111810-1001 06/08/2019 1 06/08/2019 Reference material    
    Dewey Decimal Classification     London London Books 18/09/2001   658 111810-1002 06/08/2019 2 06/08/2019 Reference material 185.00 185.00